00562pab a2200181 454500008004000000100002100040245008700061260000900148300001600157362000800173650001900181650002400200773001800224908000600242909001000248999001700258952010500275180718b2007 xxu||||| |||| 00| 0 eng d aEzcurra, Roberto aIs income inequality harmful for regional growth? Evidence from the European Union c2007 ap.1953-971. aSep aEuropean Union aIncome distribution aUrban Studies aN a76549 c76549d76549 00104070aIIPAbIIPAd2018-07-19hVolume no: 44, Issue no: 10pAR77009r2018-07-19w2018-07-19yAR